=LDR 00000nam 2200000 4500 =001 NUTBA000000000005214 =005 20141024150541.0 =006 =007 =008 =020 ##$$a 978-979-24.1629-9 =035 ##$$a 0010-101400000000444 =040 ##$$a NBPDMAT =082 ##$$a 910 =090 ##$$a 910 Sur e =100 ##$$a Suryaqningsih =245 ##$$a Ensiklopediaq geografi ( S _ Z) / Suryaningsih =250 ##$$a Cet. 1 =260 ##$$a Bandung : Indah Jaya, 2011 =300 ##$$a 48 hlm. : ilus. ; 24 cm =500 ##$$a Bibliografi hlm : 48 =650 ##$$a Geografi =850 ##$$a NBPDMAT